000
00309nam a22001337a 4500
008
171023b xxu||||| |||| 00| 0 eng d
020
_a
9780137907267
041
_a
eng
080
_a
311
100
_a
55
101
_a
STA
245
_a
CONTEMPORARY INSTRUMENTAL ANALYSIS
_c
RUBINSON.KL.A
942
_2
udc
_c
BK
999
_c
35513
_d
35513